000 00440nam a2200157Ia 4500
008 210716s2016 xx 000 0 und d
020 _a9788120351769
041 _aeng
082 _a658.827 TROS
100 _aTrott, Sangeeta;Sople, Vinod V.
245 _aBrand equity: an Indian perspective.
_bIndian perspective.
250 _a1
260 _aNew Delhi
_bPHI Learning Pvt Ltd
_c2016
300 _axix,219
650 _aBrand Management
999 _c209825
_d209825